000 01221nam a2200337Ic 4500
001 58185
003 CO-BoRNBP
005 20250820144709.0
007 ta
008 180815s2014 ck a g 000 0 spa
020 _a9789585918757
040 _aCO-BoRNBP
_bspa
_erda
_cCO-BoRNBP
041 _aspa
082 0 4 _a070.44
_bC11o
100 _aCaballero Holguín, Antonio,
_d1945-
_eaut
_962622
245 1 3 _aEl oficio de opinar :
_bquince años de periodismo crítico /
_cAntonio Caballero.
250 _aPrimera edición
264 1 _aBogotá, Colombia :
_bSemana Libros,
_c2014
300 _a378 páginas :
_bilustraciones y fotografías a color
336 _atexto
_btxt
_2rdacontent
337 _asin mediación
_bn
_2rdamedia
338 _avolumen
_bnc
_2rdacarrier
500 _aIncluye datos biográgicos del autor en la solapa
500 _aRecomendado para público adulto
600 1 7 _aCaballero Holguín, Antonio,
_d-1945
_vColecciones de escritos
_962623
650 0 0 _aCrónicas colombianas
_vcolecciones
_ysiglo xxi
_2LEMB
_962624
650 0 7 _aPeriodismo
_vcolecciones de escritos
_zColombia
_2lemb
_962625
655 _aColecciones de escritos
_9324647
655 _aColecciones
_9324645
942 _2ddc
_cBK
999 _c58185
_d58185